Tod@s somos migrantes/ Sanjuana Martínez, Emiliano Ruiz Parra, Alejandro Solalinde, Óscar Martínez, Diego Enrique Osorno
Guardado en:
| Hovedforfatter: | |
|---|---|
| Andre forfattere: | , , |
| Format: | Bog |
| Sprog: | Spanish |
| Udgivet: |
México:
sin editorial,
2017
|
| Serier: | Para leer en libertad
n° 95 |
| Tags: |
Tilføj Tag
Ingen Tags, Vær først til at tagge denne postø!
|
MARC
| LEADER | 00000nam a22000007a 4500 | ||
|---|---|---|---|
| 003 | cru CIDCACS/IIS | ||
| 005 | 20180315062534.0 | ||
| 007 | ta | ||
| 008 | 180314t2017 mx |||||r|||||||| ||spa|| | ||
| 999 | |c 41130 |d 41130 | ||
| 040 | |c cru CIDCACS/IIS | ||
| 090 | |a 14.07.01 T633t | ||
| 100 | 1 | |a Martínez, Sanjuana |9 6782 | |
| 245 | 1 | |a Tod@s somos migrantes/ |b Sanjuana Martínez, Emiliano Ruiz Parra, Alejandro Solalinde, Óscar Martínez, Diego Enrique Osorno | |
| 260 | |a México: |b sin editorial, |c 2017 | ||
| 300 | |a 225 páginas | ||
| 440 | |9 6786 |a Para leer en libertad |v n° 95 | ||
| 700 | 1 | |9 6783 |a Ruiz Parra, Emiliano | |
| 700 | 1 | |9 6784 |a Solalinde Guerra, Alejandro | |
| 700 | 1 | |9 6785 |a Martínez, Óscar | |
| 942 | |2 ddc |c PP | ||
